American Countries With Six Letters - Statistics

General Stats
  • This quiz has been taken 53 times
  • The average score is 5 of 6
Answer Stats
country % Correct
Belize
98%
Mexico
98%
Canada
91%
Panama
89%
Brazil
87%
Guyana
85%
No matching quizzes found
Score Distribution
Percent of People with Each Score
Percentile by Number Answered
Your Score History
You have not taken this quiz